000 00518nam a2200181Ia 4500
005 20250508154519.0
008 008 250505s9999 xx 000 0 eng d
037 _aTextual
040 _aFEDL
_beng
_cFEDL
041 _aeng
_2eng
084 _a371.730954, RAJ
_qFEDL
100 _aRajagopalan K
_9763559
245 0 _aBrief history of physical education in India
260 _aDelhi, India
_bArmy Publishers
300 _a206p.
942 _cTEXL
_h371.730954, RAJ
999 _c1350699
_d1350699